| 000 | 01209nac a22003131u 4500 | ||
|---|---|---|---|
| 010 | _a 2006039138 | ||
| 020 | _a9780071259149 (alk. paper) | ||
| 020 | _a0071259147 (alk. paper) | ||
| 035 | _a(OCoLC)ocm76794859 | ||
| 035 | _a(OCoLC)76794859 | ||
| 082 | 0 | 0 |
_a658.45 _bBAR |
| 090 |
_c8787 _d8787 |
||
| 100 | _aBarrett, Deborah, | ||
| 245 | 1 | 0 |
_aLeadership communication / _cDeborah J. Barrett. |
| 250 | _a2nd ed. | ||
| 260 |
_aBoston : _bMcGraw-Hill/Irwin,2008 _cc2008. |
||
| 300 |
_axvi, 395 p. : _bill. (some col.) ; _c24 cm. |
||
| 500 | _adistributer: Baccah | ||
| 504 | _aIncludes bibliographical references and index. | ||
| 511 | _acatalogued by: wessam | ||
| 650 | 0 | _aCommunication in management. | |
| 650 | 0 | _aCommunication in organizations. | |
| 650 | 0 | _aBusiness communication. | |
| 650 | 0 | _aLeadership. | |
| 856 | 4 | 2 |
_3Publisher description _uhttp://www.loc.gov/catdir/enhancements/fy0708/2006039138-d.html |
| 856 | 4 | 2 |
_3Table of contents only _uhttp://www.loc.gov/catdir/enhancements/fy0708/2006039138-t.html |
| 942 |
_cBB _k658.45BAR |
||
| 999 |
_c8787 _d8787 |
||